Statistics for Canadian Provinces or African Countries by Area

Click here to take the quiz!

General Stats

  • This quiz has been taken 625 times
  • The average score is 18 of 21

Answer Stats

km2Country or Province% Correct
2,381,741Algeria
97%
1,221,037South Africa
91%
2,344,858D.R. of the Congo
90%
1,267,000Niger
90%
1,861,484Sudan
90%
1,284,000Chad
89%
1,759,540Libya
89%
1,542,056Quebec
89%
1,001,449Egypt
88%
1,076,395Ontario
88%
944,735British Columbia
85%
1,240,192Mali
84%
1,104,300Ethiopia
83%
923,768Nigeria
83%
1,246,700Angola
80%
1,030,700Mauritania
78%
825,418Namibia
77%
945,203Tanzania
76%
2,093,190Nunavut
75%
801,590Mozambique
72%
1,346,106Northwest Territories
68%

Score Distribution

Percentile by Number Answered

Percent of People with Each Score

Your Score History

You have not taken this quiz